00826cam a22002417a 4500003000500000005001700005008004100022010001000063011001000073035001100083040000900094100003400103245015200137260004100289300003500330502007000365650002900435650002300464650003600487650002600523650001900549650001600568CHAP20220329143040.0051020d2005 mx r 00110 spa d a91177 a92149 a102712 cCHAP00aChávez González, Honoria.10aFundamentos para el manejo de Phoradendron falcatum Schlecht. & Cham., en el municipio de Chapulhuacán, Hidalgoc/por Honoria Chávez González aChapingo, Méx. :bEl autor,c2005. a38 h. :bilus.; cuadros, mapas aTesis (Ing. Forestal ) -- UACH. División de Ciencias Forestales14aÁrbolesxEnfermedades.14aÁrbolesxPlagas.14aColletotrichum gloeosporioides.14aGlomerella cingulata.14aLorantáceas.14aMuérdago.